Pakistan, its politics and bureaucracy / (Record no. 522678)

000 -LEADER
fixed length control field 00928cam a2200313 a 4500
001 - CONTROL NUMBER
control field 4326036
003 - CONTROL NUMBER IDENTIFIER
control field NUST
005 - DATE AND TIME OF LATEST TRANSACTION
control field 20181229105516.0
008 - FIXED-LENGTH DATA ELEMENTS--GENERAL INFORMATION
fixed length control field 880310s1988 ii b 001 0 eng
010 ## - LIBRARY OF CONGRESS CONTROL NUMBER
LC control number 87905223
020 ## - INTERNATIONAL STANDARD BOOK NUMBER
International Standard Book Number 817045025X :
Terms of availability Rs180.00
025 ## - OVERSEAS ACQUISITION NUMBER
Overseas acquisition number I E 56216
038 ## - RECORD CONTENT LICENSOR
Staff Name waseem
040 ## - CATALOGING SOURCE
Original cataloging agency DLC
Transcribing agency DLC
Modifying agency DLC
-- OCoLC
043 ## - GEOGRAPHIC AREA CODE
Geographic area code a-pk---
050 00 - LIBRARY OF CONGRESS CALL NUMBER
Classification number JQ552.Z1
Item number C54 1988
082 00 - DEWEY DECIMAL CLASSIFICATION NUMBER
Classification number 350.5491
Author Mark CHO
100 1# - MAIN ENTRY--PERSONAL NAME
Personal name Chowdhury, Mustafa,
Dates associated with a name 1942-
9 (RLIN) 12817
245 10 - TITLE STATEMENT
Title Pakistan, its politics and bureaucracy /
Statement of responsibility, etc. Mustafa Chowdhury.
260 ## - PUBLICATION, DISTRIBUTION, ETC.
Place of publication, distribution, etc. New Delhi :
Name of publisher, distributor, etc. Associated Pub. House,
Date of publication, distribution, etc. c1988.
300 ## - PHYSICAL DESCRIPTION
Extent 244 p. ;
Dimensions 23 cm.
500 ## - GENERAL NOTE
General note Includes index.
504 ## - BIBLIOGRAPHY, ETC. NOTE
Bibliography, etc. note Bibliography: p. [219]-236.
650 #0 - SUBJECT ADDED ENTRY--TOPICAL TERM
Topical term or geographic name entry element Bureaucracy
Geographic subdivision Pakistan.
9 (RLIN) 12818
651 #0 - SUBJECT ADDED ENTRY--GEOGRAPHIC NAME
Geographic name Pakistan
General subdivision Politics and government.
9 (RLIN) 206
906 ## - LOCAL DATA ELEMENT F, LDF (RLIN)
a 7
b cbc
c orignew
d 3
e ncip
f 19
g y-gencatlg
942 ## - ADDED ENTRY ELEMENTS (KOHA)
Source of classification or shelving scheme
Koha item type Book
Holdings
Withdrawn status Lost status Source of classification or shelving scheme Damaged status Not for loan Collection code Permanent Location Current Location Shelving location Date acquired Source of acquisition Total Checkouts Total Renewals Full call number Barcode Date last seen Date last checked out Price effective from Koha item type
            NUST Law School (NLS) NUST Law School (NLS) Book Cart 12/29/2018 Donation 5 4 350.5491 CHO CL-D-229 01/01/2026 12/10/2025 12/29/2018 Book
© 2023 Central Library, National University of Sciences and Technology. All Rights Reserved.